LEADER 01291cam a22003134a 4500 001 000000118464 003 CaOOAMICUS 005 20091130162745.0 008 091130t2008 it b b 000 0 ita r 020 $a978-88-420-6259-2 040 $aPUL$bita$dReb 041 1 $aita$heng 100 1 $aLewis, Bernard,$d1916-$0(OLS)http://pul/name/24042 240 10$aArabs in history$lItaliano.$0(OLS)http://pul/title/149085 245 14$aGli arabi nella storia /$cBernard Lewis ; traduzione di Valentina M. Donini. 250 $a6 ed. 260 $aRoma :$bLaterza,$cİ2008. 300 $axxvii, 230 p. :$bc. geogr. ;$c21 cm. 490 1 $aEconomica Laterza ;$v208 504 $aBibliografia p. [205]-210. 650 4$aArabi$xStoria.$0(OLS)http://pul/subject/23738 700 1 $aDonini, Valentina M.$0(OLS)http://pul/name/73990 830 0$aEconomica Laterza ;$v208.$0(OLS)http://pul/title/39309 850 $aPUL 852 $aPUL$W1$xSL Cons. Gen., Altre Classi 3$y75$m909. 04 LEWBE 1$j135904$qDDC 21$B134895$CPULBib$Z2$F134895 $H111780 $82 941 1 $a9 996 $6020$a978-88-420-6259-2$9(OLS)http://pul/number/142596 996 $6245$aGli arabi nella storia$9(OLS)http://pul/title/149084 996 $6260$aRoma :$bLaterza$9(OLS)http://pul/publisher/47864 LEADER 01207nam a2200301 a 4500 001 000000166074 003 CaOOAMICUS 005 20180221090742.0 008 180221s2013 it u000 u ita r 020 $a978-88-498-3761-2* 032 $aLibriCat 040 $aPUL$bita 082 04$a195 100 1 $aCrispini, Franco.$0(OLS)http://pul/name/80829 245 10$aPer una rivisitazione di Croce /$cFranco Crispini. 260 $aSoveria Mannelli :$bRubbettino,$cİ2013. 300 $a61 p. ;$c21 cm. 504 $aBibliografia nelle note. 600 14$aCroce, Benedetto,$d1866-1952$xFilosofia.$0(OLS)http://pul/subject/7274 650 4$aFilosofia occidentale moderna.$0(OLS)http://pul/subject/37648 850 $aPUL 852 $aPUL$W1$xSL Filosofia 3$y81$m195 CRIFR 1$j190586$qDDC 21$B193481$CPULBib$Z2$F193481 $H130413 $81 941 1 $a9 996 $6020$a978-88-498-3761-2*$9(OLS)http://pul/number/163563 996 $6082$a195$9(OLS)http://pul/classification/342 996 $6245$aPer una rivisitazione di Croce$9(OLS)http://pul/title/205787 996 $6260$aSoveria Mannelli :$bRubbettino$9(OLS)http://pul/publisher/51639